000 00726nam a22002177a 4500
999 _c4242
_d4242
003 AR-CdUCM
008 190308b ||||| |||| 00| 0 spa d
020 _a9972-2792-0-0
040 _aMUNICIPALIDAD PROVINCIAL DEL CUSCO
_cBIBLIOTECA MUNICIPAL DEL CUSCO
082 _a779.985 6 /
_bAL49
100 _aÁlvarez Blas, José
_913419
245 _aEl Apu de las Nieves :
_bQoyllur Rit'i y Corpus Christi = The snowy apu : Qoyllur Rit'i and Corpus Christi /
260 _aPerú :
_bClínica San Pablo,
_c2006.
300 _a208 páginas ;
_c36 cm.
500 _aTexto en español e inglés.
650 _aFestividades religiosas
_913420
650 _aPerú
_935
650 _aCusco
_9772
942 _2ddc
_cLIBROS
945 _artm